LEADER 01950oas 2200781 a 450 001 9910160112203321 005 20251106213014.0 011 $a1563-5104 035 $a(DE-599)ZDB2020979-4 035 $a(DE-599)2020979-4 035 $a(OCoLC)49941638 035 $a(CONSER) 2006264529 035 $a(CKB)954925515527 035 $a(EXLCZ)99954925515527 100 $a20020607a19749999 uy 101 0 $aeng 135 $aur||||||||||| 181 $ctxt$2rdacontent 182 $cc$2rdamedia 183 $acr$2rdacarrier 200 10$aInternational journal of general systems 210 $aGreat Britain $cGordon and Breach Science Publishers$dİ1974- 210 3 $a[London] $cTaylor & Francis 300 $aRefereed/Peer-reviewed 311 08$a0308-1079 517 3 $aInt. j. general systems 606 $aSystem theory$vPeriodicals 606 $aThe?orie des syste?mes$vPe?riodiques 606 $aSystem theory$2fast$3(OCoLC)fst01141423 606 $aCybernetica$2gtt 606 $aSystem theory$vPeriodicals$2nli 608 $aPeriodicals.$2fast 608 $aPeriodicals.$2lcgft 615 0$aSystem theory 615 6$aThe?orie des syste?mes 615 7$aSystem theory. 615 17$aCybernetica. 615 7$aSystem theory 676 $a003 801 0$bF#A 801 1$bF#A 801 2$bOCLCQ 801 2$bSBH 801 2$bOCLCQ 801 2$bOCLCO 801 2$bTXA 801 2$bUKMGB 801 2$bOCLCQ 801 2$bOCLCF 801 2$bOCLCO 801 2$bVT2 801 2$bOCLCQ 801 2$bWT2 801 2$bOCLCQ 801 2$bAU@ 801 2$bDLC 801 2$bOCLCQ 801 2$bOCLCE 801 2$bOCLCO 801 2$bQGK 801 2$bOCLCQ 801 2$bUAB 801 2$bOCLCL 801 2$bOCLCQ 906 $aJOURNAL 912 $a9910160112203321 996 $aInternational journal of general systems$92384623 997 $aUNINA